000 00669nam a22002057a 4500
003 OSt
005 20260218014119.0
008 260216b |||||||| |||| 00| 0 eng d
020 _a978-621-412-047-5
040 _aDWCL - Main lib.
_cOC
082 _aFil. 899.211 J27f 2018
100 _aJamero,Dolores F.
245 _aFilipino :
_bPanitikan At Wika 10 /
_cDolores F. Jamero
260 _aManila ,Philippine :
_bSt. Bernadette Publishing ,
_cc2018.
300 _aII ,364 Pages :
_bIllustration ;
_c25cm.
504 _a2.Includes index.
650 _a1.Filipino-Grammar and literature.
700 _aI.Guevarra, Cecelia M.
_eAuthor
942 _2ddc
_cBK - FIL
_mFil.
_n0
999 _c8412
_d8412